| 000 | 01460cam a2200325 a 4500 | ||
|---|---|---|---|
| 001 | 15271508 | ||
| 005 | 20160726145412.0 | ||
| 008 | 080422s2009 nyuab |rb 001 0 eng | ||
| 010 | _a 2008018223 | ||
| 015 |
_aGBA8E1030 _2bnb |
||
| 016 | 7 |
_a014857469 _2Uk |
|
| 020 | _a9780231138727 (cloth : alk. paper) | ||
| 020 | _a9780231511254 (electronic) | ||
| 035 | _a(OCoLC)ocn226291996 | ||
| 040 |
_aDLC _cDLC _dYDX _dBTCTA _dUKM _dYDXCP _dCDX _dVVC _dBWX _dDLC |
||
| 043 | _af-ug--- | ||
| 050 | 0 | 0 |
_aJC497 _b.G55 2009 |
| 082 | 0 | 0 |
_a320.011 _222 _bGIL |
| 100 | 1 |
_aGilley, Bruce, _d1966- _911814 |
|
| 245 | 1 | 4 |
_aThe Right to Rule : _bHow States Win and Lose Legitimacy / _cBruce Gilley. |
| 260 |
_aNew York : _bColumbia University Press, 2009 _cc2009. |
||
| 300 |
_axv, 318 p. : _bill., map ; _c24 cm. |
||
| 504 | _aIncludes bibliographical references (p. [255-304) and index. | ||
| 505 | 0 | _aThe empirical study of legitimacy -- Sources of legitimacy -- Change over time : legitimation -- A historical case : Uganda after 1986 -- The consequences of legitimacy -- Conclusion : widening our horizons. | |
| 651 | 0 |
_aUganda _xPolitics and government _y1979- _911816 |
|
| 650 | 0 |
_911815 _aLegitimacy of governments |
|
| 856 | 4 | 1 |
_3Table of contents only _uhttp://www.loc.gov/catdir/toc/ecip0816/2008018223.html |
| 942 |
_2ddc _cBB |
||
| 999 |
_c13489 _d13489 |
||